LEADER 01052nam0 22002651i 450 001 RML0256916 005 20231121125715.0 010 $a8814028451 100 $a20121121d1991 ||||0itac50 ba 101 | $aita 102 $ait 181 1$6z01$ai $bxxxe 182 1$6z01$an 200 1 $a˜Il œnuovo codice di procedura penale visto dall'estero: atti del seminario di torino (4-5 maggio 1990) 210 $aMilano $cGiuffre' $d1991 606 $aDiritto processuale penale$2FIR$3RMLC150734$9I 700 1$aCHIAVARIO$b, Mario$3RMLV151896$0225256 801 3$aIT$bIT-01$c20121121 850 $aIT-FR0098 899 $aBiblioteca Area Giuridico Economica$bFR0098 912 $aRML0256916 950 0$aBiblioteca Area Giuridico Economica$d 53DSG 10/0461$e 53VM 0000278595 VM barcode:GIU0006216. - Inventario:9332VM$fA $h20010423$i20121204 977 $a 53 996 $aNuovo codice di procedura penale visto dall'estero: atti del seminario di torino (4-5 maggio 1990)$93622585 997 $aUNICAS